000 00543nam a2200157Ia 4500
003 OSt
005 20200629105417.0
008 190216s9999||||xx |||||||||||||| ||und||
040 _coclc
082 _a934
_bARC/A
100 _aArchaeological Survey Of India
_93297
245 0 _aAncient India :
_bBulletin Of the Archaeological Survey Of India /
_cArchaeological Survey Of India
260 _bThe Director General Archaeological Survey,
_c1983.
_aNew Delhi:
300 _a137p
942 _cBK
_2ddc
_h934
_iARC/A
_k934
_mARC/A
999 _c20288
_d20288